Health impact assessment hampered by lack of guidelines (Record no. 76452)
[ view plain ]
| 000 -LEADER | |
|---|---|
| fixed length control field | 01248cab a2200169 4500 |
| 001 - CONTROL NUMBER | |
| control field | ##L132454 |
| 008 - FIXED-LENGTH DATA ELEMENTS--GENERAL INFORMATION | |
| fixed length control field | 060209n2006 000 0 eng u |
| 035 ## - SYSTEM CONTROL NUMBER | |
| System control number | (Sirsi) u132454 |
| 245 00 - TITLE STATEMENT | |
| Title | Health impact assessment hampered by lack of guidelines |
| 260 ## - PUBLICATION, DISTRIBUTION, ETC. | |
| Date of publication, distribution, etc. | 2006 |
| 490 ## - SERIES STATEMENT | |
| Series statement | ENDS Report |
| Volume/sequential designation | (372) January 2006, 7(1) |
| 520 ## - SUMMARY, ETC. | |
| Summary, etc. | Considers the role of Health Impact Assessment (HIA) in the planning process. HIA is a tool used to evaluate whether a project or proposal might reinforce health inequalities or inadvertently damage people's health. Local planning authorities are increasingly requesting them for major land developments. There is no systematic approach for the use of HIAs in the planning context and relevant guidance is lacking. Examines the Chartered Institution of Water and Environmental Management's December 2005 HIA position paper (L132451) which sees HIAs as filling the significant gaps left by environmental impact assessments and pushes for formal guidelines for their use in individual planning applications |
| 590 ## - LOCAL NOTE (RLIN) | |
| Local note | IKA140206 |
| 650 24 - SUBJECT ADDED ENTRY--TOPICAL TERM | |
| Topical term or geographic name entry element | HEALTH IMPACT ASSESSMENT |
| 690 ## - LOCAL SUBJECT ADDED ENTRY--TOPICAL TERM (OCLC, RLIN) | |
| Topical term or geographic name as entry element | ENVIRONMENTAL AND LAND CONSULTANCY-ENVIRONMENTAL MANAGEMENT-ENVIRONMENTAL ASSESSMENT-ENVIRONMENTAL IMPACT ASSESSMENT |
| 942 ## - ADDED ENTRY ELEMENTS (KOHA) | |
| Suppress in OPAC | 0 |
| Withdrawn status | Lost status | Source of classification or shelving scheme | Damaged status | Not for loan | Home library | Current library | Shelving location | Date acquired | Total Checkouts | Full call number | Barcode | Date last seen | Copy number | Price effective from | Koha item type |
|---|---|---|---|---|---|---|---|---|---|---|---|---|---|---|---|
| Dewey Decimal Classification | London | London | Journal article | 09/02/2006 | L132454 | 132454-1001 | 06/08/2019 | 1 | 06/08/2019 | Journal article |